| 000 | 00357nam a22001337a 4500 | ||
|---|---|---|---|
| 999 |
_c14785 _d14785 |
||
| 020 | _a8178086735 | ||
| 082 |
_a519.3 _bBEL/OP |
||
| 100 |
_aBelegumdu, Ashok D _91991 |
||
| 100 |
_aChandrupatla, Tirupathi,R _91992 |
||
| 245 | _aOptimization concepts and applicatons in engineering | ||
| 260 |
_aDelhi _bPearson Education _c1999 |
||
| 300 | _a432p | ||
| 942 | _cBK | ||